000 00753nam0a22002531 4500
001 rc\148469
005 20250620210153.0
010 _a5-88590-182-1
_935000
035 _a(NLR Aleph) 005417442
090 _a7438801
_c7438801
100 _a20030307d1995 |||y0rusy50 ca
101 0 _arus
102 _aRU
105 _ay |||||||||
200 1 _aНе просто женщина...
_e[Роман]
_fЛинда Висдом
_g[Пер. с англ. М. Мамкович]
210 _aСмоленск
_cФирма "Русич"
_d1995
215 _a269, [1] с.
_d17
225 1 _aКармен
700 1 _aВисдом
_bЛ.
_gЛинда
801 0 _aRU
_bNLR
_gpsbo
801 1 _aRU
_bELAR
_2rusmarc
852 _aNLR
_j95-2/1056
942 _cBOOK
980 _aNB